The establishment of the Han empire and imperial China / (Record no. 32791)

MARC details
000 -LEADER
campo de control de longitud fija 01814cam a22004454a 4500
001 - NÚMERO DE CONTROL
campo de control 53010
005 - FECHA Y HORA DE LA ÚLTIMA TRANSACCIÓN
campo de control 20230410105237.0
008 - DATOS DE LONGITUD FIJA--INFORMACIÓN GENERAL
campo de control de longitud fija 040922s2005 ctua b 001 0 eng
010 ## - NÚMERO DE CONTROL DE LA BIBLIOTECA DEL CONGRESO
Número de control de LC 2004022475
035 ## - NÚMERO DE CONTROL DEL SISTEMA
Número de control de sistema (OCoLC)ocm56590669
040 ## - FUENTE DE CATALOGACIÓN
Centro catalogador/agencia de origen DLC
Centro/agencia transcriptor DLC
Centro/agencia modificador UKM
-- BAKER
-- BTCTA
-- YDXCP
015 ## - NÚMERO DE BIBLIOGRAFÍA NACIONAL
Número de bibliografía nacional GBA516871
Fuente bnb
016 7# - NÚMERO DE CONTROL DE UNA AGENCIA BIBLIOGRÁFICA NACIONAL
Número de control del registro 013119466
Fuente Uk
019 ## -
-- 60370353
020 ## - NÚMERO INTERNACIONAL ESTÁNDAR DEL LIBRO
Número Internacional Estándar del Libro 031332588X (alk. paper)
020 ## - NÚMERO INTERNACIONAL ESTÁNDAR DEL LIBRO
Número Internacional Estándar del Libro 9780313325885 (alk. paper)
029 1# - OTRO NÚMERO DE CONTROL DE SISTEMA (OCLC)
Identificador de la biblioteca OCLC NLGGC
Número de control de sistema 26830825X
029 1# - OTRO NÚMERO DE CONTROL DE SISTEMA (OCLC)
Identificador de la biblioteca OCLC NZ1
Número de control de sistema 8857484
035 ## - NÚMERO DE CONTROL DEL SISTEMA
Número de control de sistema (OCoLC)56590669
Número de control cancelado/no válido (OCoLC)60370353
042 ## - CÓDIGO DE AUTENTICACIÓN
Código de autenticación pcc
043 ## - CÓDIGO DE ÁREA GEOGRÁFICA
Código de área geográfica a-cc---
050 14 - SIGNATURA TOPOGRÁFICA DE LA BIBLIOTECA DEL CONGRESO
Número de clasificación DS748
Número de ítem .H268e 2005
082 00 - NÚMERO DE LA CLASIFICACIÓN DECIMAL DEWEY
Número de clasificación 931/.04
Número de edición 22
100 1# - ENTRADA PRINCIPAL--NOMBRE DE PERSONA
Nombre de persona Hardy, Grant,
Fechas asociadas al nombre 1961-
245 14 - MENCIÓN DEL TÍTULO
Título The establishment of the Han empire and imperial China /
Mención de responsabilidad, etc. Grant Hardy and Anne Behnke Kinney.
260 ## - PUBLICACIÓN, DISTRIBUCIÓN, ETC.
Lugar de publicación, distribución, etc. Westport, Conn. :
Nombre del editor, distribuidor, etc. Greenwood Press,
Fecha de publicación, distribución, etc. 2005.
300 ## - DESCRIPCIÓN FÍSICA
Extensión xviii, 170 p. :
Otras características físicas ill. ;
Dimensiones 24 cm.
440 #0 - MENCIÓN DE SERIE/PUNTO DE ACCESO ADICIONAL--TÍTULO
Título Greenwood guides to historic events of the ancient world
504 ## - NOTA DE BIBLIOGRAFÍA, ETC.
Nota de bibliografía, etc. Includes bibliographical references (p. [157]-166) and index.
505 0# - NOTA DE CONTENIDO CON FORMATO
Nota de contenido con formato The establishment of the Han empire: an overview -- The center and the periphery -- Technological innovation and empire -- Social change in Han times -- Imperial China in world history -- Biographies: the personalities of the Qin and Han Empire -- Primary documents of early China.
651 #0 - PUNTO DE ACCESO ADICIONAL DE MATERIA--NOMBRE GEOGRÁFICO
Nombre geográfico China
Subdivisión general History
Subdivisión cronológica Han dynasty, 202 B.C.-220 A.D.
700 1# - ENTRADA AGREGADA--NOMBRE PERSONAL
Nombre de persona Kinney, Anne Behnke.
856 41 - LOCALIZACIÓN Y ACCESO ELECTRÓNICOS
Materiales especificados Table of contents
Identificador Uniforme de Recursos <a href="http://www.loc.gov/catdir/toc/ecip051/2004022475.html">http://www.loc.gov/catdir/toc/ecip051/2004022475.html</a>
938 ## -
-- Baker & Taylor
-- BKTY
-- 45.00
-- 45.00
-- 031332588X
-- 0006126190
-- active
938 ## -
-- Baker and Taylor
-- BTCP
-- BK0007342998
938 ## -
-- YBP Library Services
-- YANK
-- 2139054
942 ## - ELEMENTOS DE ENTRADA SECUNDARIOS (KOHA)
Fuente del sistema de clasificación o colocación Clasificación de Library of Congress
Tipo de ítem Koha
994 ## -
-- C0
-- DRFGD
946 ## - PROCESAMIENTO DE INFORMACIÓN LOCAL (OCLC)
a Lspaulino
Holdings
Estatus retirado Estado de pérdida Fuente del sistema de clasificación o colocación Estado de daño No para préstamo Colección Biblioteca de origen Biblioteca actual Ubicación en estantería Fecha de adquisición Serial enumeration / chronology Signatura topográfica completa Código de barras Visto por última vez Copia número Tipo de ítem Koha
    Clasificación de Library of Congress     Recursos Regionales Biblioteca Juan Bosch Biblioteca Juan Bosch Recursos Regionales (2do. Piso) 10/04/2023 3 DS748 .H268e 2005 00000054752 23/10/2018 1